| 000 | 01133cad a22002535a 4500 | ||
|---|---|---|---|
| 001 | L158506 | ||
| 002 | |||
| 008 | 150401s2014 xxk f f 001 0 eng d | ||
| 020 | _a9784990449414 | ||
| 035 | _a(Sirsi) u158506 | ||
| 041 | 0 | _ajap | |
| 050 | 0 | 4 | _a333.332 $2 18 |
| 110 | 2 |
_aRoyal Institution of Chartered Surveyors _94900 |
|
| 240 | 0 | 0 | _aRed Book |
| 245 | 0 | 0 |
_aRICS valuation _bprofessional standards January 2014, incorporating the IVSA International Valuation Standards _bJapanese translation _h[electronic resource] |
| 260 |
_aLondon _bRICS _c2014 |
||
| 490 | 0 | _aRICS Guidance Note | |
| 490 | 0 | _aRICS Valuation Standards | |
| 520 | _aContains mandatory rules and best practice guidance for all RICS registered valuers undertaking valuation services worldwide. Fully compliant with International Valuation Standards (IVS) issued by the International Valuation Standards Council. Effective from 6 January 2014 and applies to all valuations where the valuation date is on or after that date. In Japanese. | ||
| 650 | 2 | 4 | _aRICS VALUATION STANDARDS |
| 651 | 4 | _aInternational | |
| 690 |
_aValuation _96273 |
||
| 942 | _n0 | ||
| 999 |
_c115351 _d115351 |
||